| 000 | 00000nam 2200000zi 4500 |
| 001 | 9.866733 |
| 003 | CaOODSP |
| 005 | 20221107162125 |
| 006 | m o d f |
| 007 | cr ||||||||||| |
| 008 | 190107s2019 onc|||| o f00| 0 fre d |
| 020 | |a9780660292205 |
| 040 | |aCaOODSP|bfre|erda|cCaOODSP |
| 043 | |an-cn--- |
| 086 | 1 |aH114-4/2019F-PDF |
| 245 | 04|aLes sanctions administratives pécuniaires (SAP). |
| 264 | 1|a[Ottawa] : |bSanté Canada = Health Canada, |c[2019] |
| 264 | 4|c©2019 |
| 300 | |a1 ressource en ligne (17 pages) |
| 500 | |aPublié aussi en anglais sous le titre : Administrative monetary penalties (AMPs). |
| 500 | |aÉgalement disponible en format HTML. |
| 650 | 6|aAnimaux et plantes nuisibles|xLutte contre|xDroit|zCanada. |
| 650 | 6|aSanctions administratives|zCanada. |
| 650 | 6|aResponsabilité du fait des produits|xPesticides|zCanada. |
| 710 | 1 |aCanada.|bSanté Canada. |bAgence de réglementation de la lutte antiparasitaire, |eorganisme de publication. |
| 775 | 08|tAdministrative monetary penalties (AMPs).|w(CaOODSP)9.866730 |
| 776 | 0#|tLes sanctions administratives pécuniaires (SAP) |w(CaOODSP)9.866735 |
| 795 | |tAgence de réglementation de la lutte antiparasitaire - les sanctions administratives pécuniaires (SAP) |w(CaOODSP)9.641126 |
| 856 | 40|qPDF|s955 Ko|uhttps://publications.gc.ca/collections/collection_2020/sc-hc/H114-4-2019-fra.pdf |
| 856 | 4 |qHTML|sS.O.|uhttps://www.canada.ca/fr/sante-canada/services/securite-produits-consommation/rapports-publications/pesticides-lutte-antiparasitaire/fiches-renseignements-autres-ressources/sanctions-administratives-pecuniaires.html |